Ο Κρητικός - η πολιτεία : μυθιστορία
Αποθηκεύτηκε σε:
| Κύριος συγγραφέας: | |
|---|---|
| Μορφή: | Βιβλίο |
| Γλώσσα: | Greek |
| Δημοσίευση: |
Αθήνα :
Εστία,
1979
|
| Σειρά: | Νεοελληνική λογοτεχνία (Εστία)
; 103 |
| Θέματα: | |
| Ετικέτες: |
Προσθήκη ετικέτας
Δεν υπάρχουν, Καταχωρήστε ετικέτα πρώτοι!
|
MARC
| LEADER | 00000nam a2200000 i 4500 | ||
|---|---|---|---|
| 001 | 1/64319 | ||
| 008 | 960610s1979 gre d | ||
| 035 | |l 10029406 | ||
| 040 | |a GR-MY-UA |b gre |e aacr | ||
| 041 | 0 | |a gre | |
| 082 | 0 | |a 889.3 | |
| 100 | 1 | |a Πρεβελάκης, Παντελής, |d 1909-1986. | |
| 245 | 1 | 2 | |a Ο Κρητικός - η πολιτεία : |b μυθιστορία |
| 260 | |a Αθήνα : |b Εστία, |c 1979 | ||
| 300 | |a 296 σ. | ||
| 490 | 1 | |a Νεοελληνική λογοτεχνία |v ; 103 | |
| 650 | 0 | 0 | |a Greek literature. |
| 830 | 0 | |a Νεοελληνική λογοτεχνία (Εστία) |v ; 103 | |
| 852 | |a INST |b CHIOS |e 19960610 |h 889.3 ΠΡΕ |p 005200008053 |q 005200008053 |t BK |y 0 | ||
| 909 | |a Χ |b 016343 | ||